Načítá se...
Capture and exclude : developing economies and the poor in global finance /
Papers presented at the International Conference on Global Finance and Integration of Developing Economies; organized and held at Institute of Development Studies, Kolkata in 2005.
| Hlavní autor: | |
|---|---|
| Médium: | Printed Book |
| Vydáno: |
New Delhi :
Tulika Books,
2007.
|
| Témata: |
| LEADER | 00900cam a2200193 a 4500 | ||
|---|---|---|---|
| 020 | |a 9788189487263 | ||
| 082 | |a 332 |b BAG/C | ||
| 100 | |a Bagchi,Amiya Kumar(Editor) |a Dymski,Gary A.(Editor) | ||
| 245 | 1 | 0 | |a Capture and exclude : |b developing economies and the poor in global finance / |
| 260 | |a New Delhi : |b Tulika Books, |c 2007. | ||
| 300 | |a xii, 343 p. : | ||
| 500 | |a Includes statistical tables. | ||
| 520 | |a Papers presented at the International Conference on Global Finance and Integration of Developing Economies; organized and held at Institute of Development Studies, Kolkata in 2005. | ||
| 650 | 0 | |a Finance |v Congresses. | |
| 650 | 0 | |a Economics |z Developing | |
| 650 | 0 | |a International economic integration |v Congresses. | |
| 942 | |c BK | ||
| 999 | |c 97382 |d 97382 | ||
| 952 | |0 0 |1 0 |4 0 |6 332_000000000000000_BAG_C |7 0 |9 90422 |a SSS |b SSS |c GEN |d 2011-10-27 |g 625.00 |l 0 |o 332 BAG/C |p SSS05480 |r 2011-10-27 |w 2011-10-27 |y BK | ||